Dikai︠a︡ ri︠a︡bina : povestʹ i rasskazy /

Bibliographic Details
Main Author: Sȯlăĭmanova, Sajidă, 1926-
Format: Book
Language:Russian
Published: Moskva : "Sovremennik", 1986.
Series:Novinki "Sovremennika."

MARC

Tag First Indicator Second Indicator Subfields
LEADER 00000cam a2200000Ia 4500
001 in00002013539
005 20151031154455.0
008 890126s1986 ru 000 1 rusod
020 |c 0.85rub 
035 |a (OCoLC)ocm19068806 
040 |a IUL  |c IUL  |d TXA  |d UtOrBLW 
041 1 |a rus  |h tat 
049 |a TXAM 
090 |a PL65.T39  |b S6517 1986 
090 |a PL73.9.S65  |b D55 1986 
100 1 |a Sȯlăĭmanova, Sajidă,  |d 1926- 
240 1 0 |a Short stories.  |k Selections.  |l Russian 
245 1 0 |a Dikai︠a︡ ri︠a︡bina :  |b povestʹ i rasskazy /  |c Sazhida Suleĭmanova ; perevod s tatarskogo M. Chislova. 
264 1 |a Moskva :  |b "Sovremennik",  |c 1986. 
300 |a 190 pages ;  |c 20 cm. 
336 |a text  |b txt  |2 rdacontent 
337 |a unmediated  |b n  |2 rdamedia 
338 |a volume  |b nc  |2 rdacarrier 
490 1 |a Novinki "Sovremennika" 
830 0 |a Novinki "Sovremennika." 
948 |a cataloged  |b h  |c 2004/12/18  |d c  |e spoltoratski  |f 10:15:05 am 
994 |a E0  |b TXA 
999 |a MARS 
999 f f |s 9247b963-00c0-3fd7-a2d1-d35fc20bf5ca  |i 70cdf4ea-2636-3c61-8044-df1aa853dbb4  |t 0 
952 f f |p ric  |a Texas A&M University  |b Rellis Campus  |c Joint Library Facility  |d Remote Storage  |t 0  |e PL73.9.S65 D55 1986  |h Library of Congress classification  |i unmediated -- volume  |m A14831592362 
998 f f |a PL73.9.S65 D55 1986  |t 0  |l Remote Storage